00543nam a2200193Ia 4500008004100000020001800041020001400059082002100073082002200094245006400116245006200180250001100242260001700253260001300270260000900283700002000292700001800312999001900330210417s9999 xx 000 0 und d a9780750684408 b750684402 a658.40402466 MEL b2.658.40402466MEL 0aProject management toolkit : the basics for project success 0cProject management toolkit the basics for project success bp. cm. a"Boston, MA" bElsevier c2007 a"Melton, Trish" bTrish Melton. c436880d436880